000 00783 aa a2200205 4500
008 081020t xxu||||| |||| 00| 0 eng d
010 _aENG-84086
020 _a8176298549
020 _c380.00 (hb)
035 _aEN-67619
082 _a371.967
100 _aRath, Nirupama
245 _aEducating for modernising tribals:
_bwith special reference to Andamana nd Nicobar Islands /
_cby Nirupama Rath
260 _aNew Delhi
_bDeep and Deep Publications
260 _c2006
300 _axviii,201p
_c22cm
500 _aIncludes bibliographical references and index
942 _2ddc
_cEN
_h371.967
_mRAT
999 _c17053
_d17053